<?xml version="1.0" encoding="UTF-8"?>
<record
    xmlns:xsi="http://www.w3.org/2001/XMLSchema-instance"
    xsi:schemaLocation="http://www.loc.gov/MARC21/slim http://www.loc.gov/standards/marcxml/schema/MARC21slim.xsd"
    xmlns="http://www.loc.gov/MARC21/slim">

  <leader>00966nam0a22002531  4500</leader>
  <controlfield tag="001">RU\NLR\A1SV\151870</controlfield>
  <controlfield tag="005">20251203171251.9</controlfield>
  <datafield tag="035" ind1=" " ind2=" ">
    <subfield code="a">(NLR Aleph) 011978284</subfield>
  </datafield>
  <datafield tag="090" ind1=" " ind2=" ">
    <subfield code="a">11294889</subfield>
    <subfield code="c">11294889</subfield>
  </datafield>
  <datafield tag="100" ind1=" " ind2=" ">
    <subfield code="a">20190313d1925    u  y0rusy50      ca</subfield>
  </datafield>
  <datafield tag="101" ind1="0" ind2=" ">
    <subfield code="a">rus</subfield>
  </datafield>
  <datafield tag="102" ind1=" " ind2=" ">
    <subfield code="a">RU</subfield>
  </datafield>
  <datafield tag="200" ind1="1" ind2=" ">
    <subfield code="a">&#x424;&#x440;&#x430;&#x43D;&#x446;&#x443;&#x437;&#x441;&#x43A;&#x43E;&#x435; &#x432;&#x440;&#x435;&#x43C;&#x435;&#x43D;&#x43D;&#x43E;&#x435; &#x43D;&#x430;&#x441;&#x442;&#x430;&#x432;&#x43B;&#x435;&#x43D;&#x438;&#x435; &#x43F;&#x43E; &#x43E;&#x440;&#x433;&#x430;&#x43D;&#x438;&#x437;&#x430;&#x446;&#x438;&#x438; &#x438; &#x441;&#x43B;&#x443;&#x436;&#x431;&#x435; &#x441;&#x432;&#x44F;&#x437;&#x438; &#x438; &#x43F;&#x435;&#x440;&#x435;&#x434;&#x430;&#x447;&#x438;</subfield>
    <subfield code="f">&#x41F;&#x435;&#x440;. &#x42F;.&#x424;&#x430;&#x439;&#x432;&#x443;&#x448;</subfield>
    <subfield code="g">&#x410;&#x432;&#x442;. &#x43F;&#x440;&#x435;&#x434;&#x438;&#x441;&#x43B;. &#x412;.&#x426;&#x435;&#x439;&#x442;&#x43B;&#x438;&#x43D;</subfield>
  </datafield>
  <datafield tag="210" ind1=" " ind2=" ">
    <subfield code="a">&#x41C;.</subfield>
    <subfield code="c">&#x420;&#x430;&#x437;&#x432;&#x435;&#x434;&#x44B;&#x432;&#x430;&#x442;. &#x443;&#x43F;&#x440;. &#x428;&#x442;&#x430;&#x431;&#x430; &#x420;&#x430;&#x431;&#x43E;&#x447;&#x435;-&#x43A;&#x440;&#x435;&#x441;&#x442;&#x44C;&#x44F;&#x43D;. &#x41A;&#x440;&#x430;&#x441;. &#x430;&#x440;&#x43C;&#x438;&#x438;</subfield>
    <subfield code="d">1925</subfield>
  </datafield>
  <datafield tag="215" ind1=" " ind2=" ">
    <subfield code="a">122 &#x441;., 3 &#x43B;. &#x441;&#x445;&#x435;&#x43C;.</subfield>
    <subfield code="c">&#x447;&#x435;&#x440;&#x442;., &#x442;&#x430;&#x431;&#x43B;.</subfield>
    <subfield code="d">22 &#x441;&#x43C;</subfield>
  </datafield>
  <datafield tag="620" ind1=" " ind2=" ">
    <subfield code="d">&#x41C;&#x43E;&#x441;&#x43A;&#x432;&#x430;</subfield>
  </datafield>
  <datafield tag="801" ind1=" " ind2="0">
    <subfield code="a">RU</subfield>
    <subfield code="b">NLR</subfield>
    <subfield code="c">20190313</subfield>
  </datafield>
  <datafield tag="830" ind1=" " ind2=" ">
    <subfield code="a">&#x412; &#x420;&#x413;&#x411; &#x43F;&#x43E;&#x434; &#x437;&#x430;&#x433;&#x43E;&#x43B;.: &#x424;&#x440;&#x430;&#x43D;&#x446;&#x438;&#x44F;. &#x417;&#x430;&#x43A;&#x43E;&#x43D;&#x44B; &#x438; &#x43F;&#x43E;&#x441;&#x442;&#x430;&#x43D;&#x43E;&#x432;&#x43B;&#x435;&#x43D;&#x438;&#x44F;</subfield>
  </datafield>
  <datafield tag="899" ind1=" " ind2=" ">
    <subfield code="a">&#x420;&#x413;&#x411;</subfield>
  </datafield>
  <datafield tag="899" ind1=" " ind2=" ">
    <subfield code="a">&#x420;&#x413;&#x411;</subfield>
  </datafield>
  <datafield tag="942" ind1=" " ind2=" ">
    <subfield code="c">BOOK</subfield>
  </datafield>
  <datafield tag="980" ind1=" " ind2=" ">
    <subfield code="a">NB</subfield>
  </datafield>
  <datafield tag="980" ind1=" " ind2=" ">
    <subfield code="a">A1SV</subfield>
  </datafield>
</record>
